00847cam a22002177a 4500003000500000005001700005008004100022010001000063011001000073035001000083040000900093100002600102245020900128260004000337300001900377502010100396650002700497650004000524650002000564650004500584CHAP20220817041431.0971013s1979 r 00010 d a14351 a15323 a19398 cCHAP00aCastro, Ana Eloísa. 0aEvaluación de la resistencia de seis líneas y dos variedades de tomate (Licopersicum esculentum, Mill), al nemátodo de las agallas (Meloidogyne incognita, Chitwoodi), bajo condiciones de invernadero a(Monterrey, N.L. :bEl autor,c1979 a82 h.b: ilus. aTesis (Ing. Agr. Esp. en Parasitología) -- ITESm. Div. de Ciencias Agropecuarias y Marítimas14aMeloidogyne incognita.14aNemátodos parásitos de plantas.14aTomatexPlagas.14aTomatexVariedades resistentes a plagas.